Study on new castle disease of native chicken and theirs antibodies by ha and hi test at triel commune, baray district, kampong thom province, ការសិក្សាលើជំងឺញ៉ូវកាសរបស់មាន់ស្រែ និងអង់ទីគ័ររបស់វាតាមរយៈ HA និង HI TEST នៅឃុំទ្រៀល ស្រុកបារាយណ៍ ខេត្តធំ (Record no. 8164)

000 -LEADER
fixed length control field 00815nam a22001577a 4500
003 - CONTROL NUMBER IDENTIFIER
control field OSt
005 - DATE AND TIME OF LATEST TRANSACTION
control field 20160629100606.0
008 - FIXED-LENGTH DATA ELEMENTS--GENERAL INFORMATION
fixed length control field 160629b xxu||||| |||| 00| 0 eng d
040 ## - CATALOGING SOURCE
Transcribing agency RUA
082 ## - DEWEY DECIMAL CLASSIFICATION NUMBER
Classification number VEM HOK 2015 B481 Or.1
100 ## - MAIN ENTRY--PERSONAL NAME
9 (RLIN) 8516
Personal name HOK SOKNEOU; ហុក សុខនៅ
245 ## - TITLE STATEMENT
Title Study on new castle disease of native chicken and theirs antibodies by ha and hi test at triel commune, baray district, kampong thom province, ការសិក្សាលើជំងឺញ៉ូវកាសរបស់មាន់ស្រែ និងអង់ទីគ័ររបស់វាតាមរយៈ HA និង HI TEST នៅឃុំទ្រៀល ស្រុកបារាយណ៍ ខេត្តធំ
260 ## - PUBLICATION, DISTRIBUTION, ETC. (IMPRINT)
Place of publication, distribution, etc. Phnom Penh
Name of publisher, distributor, etc. RUA
Date of publication, distribution, etc. 2015
300 ## - PHYSICAL DESCRIPTION
Extent ix,37p.
Other physical details ill.
Dimensions 29cm.
942 ## - ADDED ENTRY ELEMENTS (KOHA)
Source of classification or shelving scheme
Koha item type VEM
Holdings
Price effective from Date last seen Permanent Location Not for loan Date acquired Source of classification or shelving scheme Koha item type Lost status Withdrawn status Date last checked out Total Checkouts Shelving location Damaged status Barcode Current Location Full call number
2016-06-292016-06-29Library Block B 2016-06-29 VEM    B481 RUA053698Library Block BVEM HOK 2015 B481 Or.1
2016-06-292016-06-29Library Block B 2016-06-29 VEM    B481 RUA53843Library Block BVEM HOK 2015 B481 Or.2
2016-06-292016-06-29Library Block B 2016-06-29 VEM    B481 RUA053699Library Block BVEM HOK 2015 B481 Or.3
2016-06-292016-06-29Library Block B 2016-06-29 VEM    B481 RUA053529Library Block BVEM HOK 2015 B481 Or.4
2016-06-292017-08-07Library Block B 2016-06-29 VEM  2017-07-251B481 RUA057873Library Block BVEM HOK 2015 B481 Or.5
2016-06-292016-06-29Library Block B 2016-06-29 VEM    B481 RUA53835Library Block BVEM HOK 2015 B481 Or.6
2016-06-292016-06-29Library Block B 2016-06-29 VEM    B481 RUA53833Library Block BVEM HOK 2015 B481 Or.7
2016-06-292016-06-29Library Block B 2016-06-29 VEM    B481 RUA053811Library Block BVEM HOK 2015 B481 Or.8
2016-06-292016-06-29Library Block B 2016-06-29 VEM      RUA051871Library Block BVEM HOK 2015 B481 Or.9
2021-11-102021-11-10Library Block B 2021-11-10 VEM    B690 a066027Library Block BVEM HOK 2015 B690 Or.1
2021-11-152024-10-21Library Block B 2021-11-15 VEM  2024-07-012B692 A066202Library Block BVEM HOK 2015 B692 Or.1
មជ្ឈមណ្ឌលឯការនៃសាកលវិទ្យាល័យភូមិន្ទកសិកម្មចំការដូង

Powered by Koha